Countries that were in the 1994 FIFA World Cup - Statistics

General Stats
  • This quiz has been taken 50 times
  • The average score is 24 of 24
Answer Stats
Picture Answer % Correct
Brazil
100%
Cameroon
100%
Colombia
100%
Romani
100%
Russia
100%
Sweden
100%
Switzerland
100%
USA
100%
Argentina
98%
Belgium
98%
Bulgaria
98%
Germany
98%
Greece
98%
Ireland
98%
Italy
98%
Mexico
98%
Morocco
98%
Netherlands
98%
Nigeria
98%
Norway
98%
South Korea
98%
Spain
98%
Saudi Arabia
96%
Bolivia
89%
No matching quizzes found
Score Distribution
Percent of People with Each Score
Percentile by Number Answered
Your Score History
You have not taken this quiz